| 000 | 01536cam a22004454i 4500 | ||
|---|---|---|---|
| 003 | PE-LiUPU | ||
| 005 | 20250731173511.0 | ||
| 008 | 150616s r 000 0 d | ||
| 035 | _a(Sirsi) a7648 | ||
| 035 | _a(Sirsi) a7648 | ||
| 040 |
_aPE-LiUPU _bspa _cPE-LiUPU _erda |
||
| 049 | _aPRUA | ||
| 082 | 0 | 4 |
_a227.207 _bM876f _223 |
| 100 | 1 |
_aMorris, León, _eautor. |
|
| 245 | 1 | 4 |
_aThe First Epistle of Paul to the Corinthians : _ban introduction and commentary / _cLeón Morris. |
| 264 | 1 |
_aLondres : _bThe Tyndale Press, _c1958. |
|
| 300 |
_a249 páginas ; _c19 cm. |
||
| 336 |
_atext _2rdacontent |
||
| 337 |
_aunmediated _2rdamedia |
||
| 338 |
_avolume _2rdacarrier |
||
| 490 | 0 | _aTyndale New Testament Commentaries | |
| 505 | 0 | _aPaul at Corinth.- Paul's subsequent realtions with the Church at Corinth.- The ocassion and purpose of I Corinthians.- The authenticity of the epistle.- The date and place of origin. | |
| 526 | _aSEG42 | ||
| 526 | _aSEG41 | ||
| 526 | _aSEG40 | ||
| 526 | _aSEG39 | ||
| 526 | _aP94 | ||
| 526 | _aP87 | ||
| 526 | _aP86 | ||
| 526 | _aP85 | ||
| 526 | _aP77 | ||
| 526 | _aP76 | ||
| 526 | _aP35 | ||
| 630 | 1 | 4 |
_aBiblia. _pI Corintios _xComentarios. |
| 910 | _ajck | ||
| 942 |
_2ddc _cBK |
||
| 949 |
_wDEWEY _c1 _i39065 _lRC _mBUL _r0 _sY _tBOOK _u2015-4-23 _xTEOLOGIA _zUNKNOWN _0COMPRA _o.CIRCNOTE. No olvidar cambiar la fecha de devolución!!!!!!! _o.STAFF. Colección General |
||
| 980 |
_81 _gALBERTO SANCHEZ Responsable de Automatización |
||
| 999 |
_c58914 _d58914 |
||